Statistics for NHL Top 20 All-Time Rookie Point Scorers

Click here to take the quiz!

General Stats

  • This quiz has been taken 352 times
    (350 since last reset)
  • The average score is 8 of 20

Answer Stats

###HintAnswer% Correct
#1132 PointsTeemu Selanne
93%
#6102 PointsSidney Crosby
92%
#3106 PointsAlex Ovechkin
90%
#7100 PointsMario Lemieux
80%
#1885 PointsEvgeni Malkin
54%
#1587 PointsSteve Yzerman
54%
#1291 PointsMike Bossy
50%
#995 PointsBryan Trottier
38%
#4103 PointsDale Hawerchuk
35%
#1785 PointsAnton Stastny
31%
#1489 PointsMarian Stastny
31%
#2109 PointsPeter Stastny
31%
#1984 PointsLuc Robitaille
27%
#1192 PointsJoe Nieuwendyk
18%
#5102 PointsJoe Juneau
14%
#1686 PointsSergei Makarov
13%
#1390 PointsSteve Larmer
7%
#1092 PointsBarry Pederson
4%
#2082 PointsMikael Renberg
4%
#898 PointsNeal Broten
4%

Score Distribution

Percentile by Number Answered

Percent of People with Each Score

Your Score History

You have not taken this quiz since the last reset